A survey of symbolic logic /

Guardado en:
Autor Principal: Lewis, Clarence Irving, 1883-1964.
Formato: Libro
Idioma:English
Publicado: New York : Dover, 1960.
Etiquetas: Agregar Etiqueta
Sin Etiquetas, Sea el primero en etiquetar este registro!
LEADER 00576nam a22001575a 4500
001 MAT.inmabb001469
008 031124r19601918nyu###########000#0#eng#d
005 20170816122831.0
245 1 2 |a A survey of symbolic logic /  |c by C. I. Lewis. 
260 |a New York :  |b Dover,  |c 1960. 
300 |a x, 327 p. ;  |c 22 cm. 
500 |a A corrected republication of the original work [Univ. of California Press, 1918] with the omission of chapters V and VI. 
100 1 |a Lewis, Clarence Irving,  |d 1883-1964. 
084 |a 03Bxx  |2 msc2000 
010 |a  60051510  
859 |h 03  |i L673  |p A-1766  |b BIB. MATEMATICA